Estados de México con un Mapa Vacío - Estadísticas

Estadísticas generales
  • Esta prueba ha sido intentada 1.544 veces
  • La puntuación promedio es 26 de 31
Respuestas en el mapa
Las respuestas están codificadas por una escala verde-roja en el mapa de la prueba según el % correcto abajo.
 
Estadísticas de respuestas
Estado % Correcto
Baja California
97%
Baja California Sur
93%
Chihuahua
93%
Yucatán
93%
México
91%
Jalisco
90%
Veracruz
90%
Nuevo León
89%
Sinaloa
89%
Sonora
89%
Chiapas
88%
Oaxaca
88%
Quintana Roo
87%
Aguascalientes
86%
Puebla
86%
Durango
84%
Guerrero
84%
Zacatecas
84%
Tabasco
83%
Michoacán
82%
San Luis Potosí
82%
Tamaulipas
82%
Campeche
81%
Hidalgo
81%
Coahuila
80%
Nayarit
80%
Guanajuato
79%
Querétaro
78%
Tlaxcala
78%
Colima
77%
Morelos
77%
No se encontraron pruebas coincidentes
Distribución de puntuación
Porcentaje de gente con cada puntuación
Porcentaje por número respondido
Historial de tus puntuaciones
No has intentado esta prueba.